Modern management : (Record no. 7942)

MARC details
000 -LEADER
fixed length control field 00542pam a2200169 a 4500
020 ## - INTERNATIONAL STANDARD BOOK NUMBER
ISBN 0132106345 (alk. paper)
050 00 - CALL NUMBER
Classification number HD31
Item number .C4125
100 1# - AUTHOR
Personal name Certo, Samuel C.
245 10 - TITLE
Title Modern management :
Remainder of title diversity, quality, ethics, and the global environment /
Statement of responsibility, etc Samuel C. Certo.
250 ## - EDITION
Edition statement 7th ed.
260 ## - PUBLICATION INFORMATION
Place of publication Upper Saddle River, N.J. :
Name of publisher Prentice Hall,
Year of publication c1997.
300 ## - DESCRIPTION
Number of Pages xvi, 640 p. :
Other physical details ill. ;
Dimensions 28 cm.
650 #0 - SUBJECTS
Topical Term Management.
650 #0 - SUBJECTS
Topical Term Industrial management.
650 #0 - SUBJECTS
Topical Term Social responsibility of business.
942 ## - ADDED ENTRY ELEMENTS (KOHA)
Koha item type Books
Holdings
Withdrawn status Lost status Home library Current library Date acquired Full call number Accession Number Koha item type
    Methodist University Library Wenchi Faculty Methodist University Library Wenchi Faculty 19/10/2021 HD31 .C4125 10182 Books
Copyright © 2026  MUG Library